000 01292nam0a22003011 4500
001 v19\rc\1767362
005 20250619120446.0
035 _a(NLR Aleph) 004897067
090 _a5333234
_c5333234
100 _a20061204e19031903|||y0rusy50 ca
101 0 _arus
102 _aRU
105 _ay z |||||
200 1 _aК казуистике первичных новообразований влагалища
_f[Соч.] А.С. Рашкеса, б. ассист. Гинекол. отд-ния д-ра Я. Розенталя
_g(Из Патол. лаб. Варш. евр. больницы)
210 _aСанкт-Петербург
_d1903
215 _a20 с.
_d22
309 _aБез тит. л. и обл.
311 _aОтт. из "Журн. акушерства и жен. болезней". 1903 г., № 9
320 _aБиблиогр. в примеч.
488 0 _12001#$aЖурнал акушерства и женских болезней$v1903, № 9
_tЖурнал акушерства и женских болезней
700 1 _aРашкес
_bХ.Ш.
_f1875-
_gХаим Шевелевич
801 0 _aRU
_bNLR
_gpsbo
801 0 _aRU
_bRuMoRGB
_2psbo
801 1 _aRU
_bProSoft-M
_2rusmarc
852 _aNLR
_j34.53.4.31
899 _aБАН
942 _cBOOK
980 _aNB